Mx̌ico - Brasil Culturas y sistemas jurd̕icos comparados /

Detalles Bibliográficos
Autor principal: Oropeza Garca̕, Arturo
Formato: eBook
Lenguaje:español
Publicado: Ciudad de Mx̌ico: Cm̀ara de Diputados, 2016
Materias:
Acceso en línea:Acceso restringido

MARC

LEADER 00000nam a22000007a 4500
005 20170929212948.0
007 cr|||| ||||
008 170929s2016 mx |||||s||||f00||0 spa d
035 |a 20627 
040 |a vLex 
090 |c 7034  |d 7034 
100 1 |a Oropeza Garca̕, Arturo 
245 1 0 |a Mx̌ico - Brasil  |h [Recurso electrn̤ico] :  |b Culturas y sistemas jurd̕icos comparados /  |c Arturo Oropeza Garca̕ 
256 |a Servicio en ln̕ea 
260 |a Ciudad de Mx̌ico:  |b Cm̀ara de Diputados,  |c 2016 
300 |a 1 recurso electrn̤ico 
506 1 |a Disponible solo en los productos indicados  |d vLex Global  |d vLex Global (Academic Edition, excluding Law Schools)  |d vLex Global (U.S. Academic Edition, Law Schools)  |d vLex Global (U.S. Academic Edition, excluding Law Schools)  |d vLex Global (Academic Edition, Law Schools) 
650 0 4 |a Derecho Civil  |z Mx̌ico 
650 0 4 |a Derecho Constitucional  |z Mx̌ico 
740 0 |a vLex Libros (Servicio en ln̕ea) 
856 4 0 |u http://vlex.com/source/mexico-brasil-culturas-y-sistemas-juridicos-comparados-20627  |z Acceso restringido 
942 |c BOOK 
999 0 |a Civil Law 
999 0 |a Constitutional Law